Οι προσωκρατικοί : και η συνάρτηση τους με τις πολιτικές και κοινωνικές συνθήκες που διαμόρφωσαν ως την εποχή μας τις βάσεις της σύχρονης φιλοσοφίας
Αποθηκεύτηκε σε:
| Κύριος συγγραφέας: | |
|---|---|
| Άλλοι συγγραφείς: | |
| Μορφή: | Βιβλίο |
| Γλώσσα: | Greek |
| Δημοσίευση: |
Αθήνα :
[Αρσενίδης],
[1980].
|
| Σειρά: | Ιστορία της δυτικής φιλοσοφίας (Αρσενίδης)
; 1 |
| Θέματα: | |
| Ετικέτες: |
Προσθήκη ετικέτας
Δεν υπάρχουν, Καταχωρήστε ετικέτα πρώτοι!
|
MARC
| LEADER | 00000cam a2200000 i 4500 | ||
|---|---|---|---|
| 001 | 1/79911 | ||
| 008 | 050704s1980 gr | ||| |||| ||gre|| | ||
| 035 | |l 10078883 | ||
| 040 | |a GR-MY-UA |b |e aacr | ||
| 041 | 0 | |a gre | |
| 082 | 7 | |a 182 |2 (22) | |
| 100 | 1 | |a Russell, Bertrand, |d 1872-1970. | |
| 245 | 1 | 3 | |a Οι προσωκρατικοί : |b και η συνάρτηση τους με τις πολιτικές και κοινωνικές συνθήκες που διαμόρφωσαν ως την εποχή μας τις βάσεις της σύχρονης φιλοσοφίας / |c Bertrand Russel ; μετάφραση, σημειώσεις: Αιμ. Χουρμουζίου. |
| 260 | |a Αθήνα : |b [Αρσενίδης], |c [1980]. | ||
| 300 | |a 169 σ.; |c 20 εκ. | ||
| 490 | 1 | |a (Ιστορία της δυτικής φιλοσοφίας / Αρσενίδης ; |v 1) | |
| 500 | |a Με: Σωκράτης, Πλάτων και Αριστοτέλης / Ράσσελ. - Οι πατέρες / Ράσσελ. - Ανατροφή και εκπαίδευση των παιδιών / Ράσσελ. | ||
| 504 | |a Περιέχει βιβλιογραφικές παραπομπές. | ||
| 650 | 0 | 0 | |a Philosophers, Ancient. |
| 650 | 0 | 0 | |a Philosophers |z Greece. |
| 700 | 0 | |a Χουρμούζιος, Αιμίλιος |d 1904-1973, |e trl | |
| 830 | 0 | |a Ιστορία της δυτικής φιλοσοφίας (Αρσενίδης) |v ; 1 | |
| 852 | |a INST |b RHODES |c KRI |e 20050704 |h 182 RUS |p 005400027531 |q 005400027531 |t BK |y 0 | ||
| 901 | |a BIBL4-2005-2 | ||
| 909 | |a Ρ |b 111062 | ||
| 970 | |a ΣΙΔΕΡΗ |b ΝΕΚΤΑΡΙΑ |z 2005/07/04 | ||